Normal view
MARC view
- فالنستين ، نرجمة السعد ، سعد فيصل ، دبور ، محمد محمود
Entry Personal Name
001 - CONTROL NUMBER
- control field: 14714
003 - CONTROL NUMBER IDENTIFIER
- control field: JO-AjAnu
005 - DATE AND TIME OF LATEST TRANSACTION
- control field: 20230606072640.0
008 - FIXED-LENGTH DATA ELEMENTS
- fixed length control field: 230606|| aca||aabn | a|a d
040 ## - CATALOGING SOURCE
- Original cataloging agency: JO-AjAnu
- Transcribing agency: JO-AjAnu
100 ## - HEADING--PERSONAL NAME
- Personal name: فالنستين ، نرجمة السعد ، سعد فيصل ، دبور ، محمد محمود
670 ## - SOURCE DATA FOUND
- Source citation: Work cat.: (JO-AjAnu)7557: فالنستين ، نرجمة السعد ، سعد فيصل ، دبور ، محمد محمود, author, مدخل إلى فهم الصراعات : الحرب والسلام والنظام العالمي